[Event "AUT-ch U14 Girls"]
[Site "Altenmark"]
[Date "2011.06.13"]
[Round "5"]
[White "Majkovski, Sarah"]
[Black "Di Vora, Vanessa"]
[Result "1-0"]
[WhiteElo "1366"]
[BlackElo "1256"]
[PlyCount "41"]
[EventDate "2011.06.11"]
[EventType "swiss"]
[EventRounds "7"]
[EventCountry "AUT"]
[SourceTitle "EXT 2013"]
[Source "ChessBase"]
[SourceDate "2012.11.22"]
[SourceVersion "1"]
[SourceVersionDate "2012.11.22"]
[SourceQuality "1"]

1. d4 d5 2. Nf3 Nc6 3. c4 e6 4. Nc3 Nf6 5. Bg5 Be7 6. e3 0-0 7. Bd3 dxc4 8. Bxc4 h6 9. Bh4 b6 10. a3 Na5 11. Bd3 Bb7 12. b4 Nc6 13. b5 Na5 14. 0-0 c5 15. bxc6 Bxc6 16. Ne5 Bb7 17. Bc2 b5 18. Qd3 g5 19. Bg3 Rc8 20. f4 Nh7 21. Qxh7# 1-0